000 00799nam a2200277Ia 4500
001 Para_7849
003 CHAP
008 220125s1933 xx 000 0 und d
010 _a206798
040 _cCHAP
082 _aPA-C 633.51 B84
100 _aWare, J.O.
_9171984
245 _aGenetic relations of red plant color, leaf sahpe and fiber colors in upland cotton /
_c by J.O. Ware
260 _aFayetteville, Arkansas :
_b University of Arkansas
300 _a60 p.
440 _aBulletin; 294
_9172615
500 _aEncuadernado con otros impresos similares
650 _aAlgodón
_93959
901 _aPA-C 633.51 B84
902 _aA
905 _a0000001933 n 0000000000 00
910 _a1933
942 _cPARA
942 _cPARA
_d1
999 _c206798
_d206798